| 000 | 00476nam a2200181 a 4500 | ||
|---|---|---|---|
| 005 | 20140310183301.0 | ||
| 008 | 041208s19uu xx 00 eng d | ||
| 020 | _a9780330321990 | ||
| 050 |
_aPR 6058.I343 _b.H636 1991 |
||
| 100 | _aHiggins, Jack | ||
| 245 |
_aThe eagle has flown / _cJack Higgins. |
||
| 260 |
_aLondon : _bJack Higgins, _c1991. |
||
| 300 |
_a340 p. : _c18 cm. |
||
| 650 | _aWar stories. | ||
| 650 | _aSpy stories. | ||
| 942 |
_cBK _2lcc |
||
| 999 |
_c20985 _d20985 |
||